LIBRARY & INFORMATION CENTRE, KCAET, TAVANUR

ONLINE PUBLIC ACCESS CATALOGUE (OPAC)

Introductoin to botany / (Record no. 9816)

MARC details
000 -LEADER
fixed length control field 00565cam a2200229ua 4500
041 ## - LANGUAGE CODE
Language code of text/sound track or separate title eng
082 ## - DEWEY DECIMAL CLASSIFICATION NUMBER
Classification number 581
Item number THO/IN
100 ## - MAIN ENTRY--AUTHOR NAME
Personal name Thomas , K J .
245 ## - TITLE STATEMENT
Title Introductoin to botany /
250 ## - EDITION STATEMENT
Edition statement 4 /
260 ## - PUBLICATION, DISTRIBUTION, ETC. (IMPRINT)
Place of publication Thiruvananthapuram :
Name of publisher Educational Publications and Book Depot ,
Year of publication 1968.
300 ## - PHYSICAL DESCRIPTION
Number of Pages 286 ; .
942 ## - ADDED ENTRY ELEMENTS (KOHA)
Koha item type Books
Holdings
Withdrawn status Lost status Damaged status Home library Current library Date acquired Full call number Accession Number Koha item type
      KAUAET KAUAET 07/04/2012 581 THO/IN 12165 Books
      KAUAET KAUAET 07/04/2012 581 THO/IN 12168 Books
      KAUAET KAUAET 07/04/2012 581 THO/IN 12166 Books
      KAUAET KAUAET 07/04/2012 581 THO/IN 12164 Books
      KAUAET KAUAET 07/04/2012 581 THO/IN 12167 Books
free website counter